000
00213nam a22000977a 4500
999
_c
260499
_d
260498
020
_a
9781416997498
100
_a
Neal Shusterman
245
_a
Ever Lost
260
_a
New York
_b
Simon & Schuster
_c
2006
942
_c
BK